Controversial Issues in Prisons (Record no. 18124)
[ view plain ]
| 000 -LEADER | |
|---|---|
| fixed length control field | 00379nam a22001457a 4500 |
| 008 - FIXED-LENGTH DATA ELEMENTS--GENERAL INFORMATION | |
| fixed length control field | 191209b xxu||||| |||| 00| 0 eng d |
| 020 ## - INTERNATIONAL STANDARD BOOK NUMBER | |
| International Standard Book Number | 0335223036 |
| 050 ## - LIBRARY OF CONGRESS CALL NUMBER | |
| Classification number | HV9430 |
| Item number | .S36 2010 c.1 |
| 100 ## - MAIN ENTRY--PERSONAL NAME | |
| Personal name | Scott, David |
| 245 ## - TITLE STATEMENT | |
| Title | Controversial Issues in Prisons |
| Statement of responsibility, etc. | Scott, David |
| 260 ## - PUBLICATION, DISTRIBUTION, ETC. (IMPRINT) | |
| Place of publication, distribution, etc. | New York |
| Name of publisher, distributor, etc. | OUP |
| Date of publication, distribution, etc. | 2010 |
| 300 ## - PHYSICAL DESCRIPTION | |
| Extent | xiv, 208p. |
| 700 ## - ADDED ENTRY--PERSONAL NAME | |
| Personal name | Helen Codd |
| 942 ## - ADDED ENTRY ELEMENTS (KOHA) | |
| Source of classification or shelving scheme | Library of Congress Classification |
| Koha item type | General Collection |
| Withdrawn status | Lost status | Source of classification or shelving scheme | Not for loan | Home library | Current library | Date acquired | Cost, normal purchase price | Total Checkouts | Full call number | Barcode | Date last seen | Price effective from | Koha item type | Total Renewals | Date last checked out |
|---|---|---|---|---|---|---|---|---|---|---|---|---|---|---|---|
| Library of Congress Classification | Kabarak, Main Campus | Kabarak, Main Campus | 09/12/2019 | 1508.00 | HV9430 .S36 2010 c.1 | 022606 | 09/12/2019 | 09/12/2019 | General Collection | ||||||
| Library of Congress Classification | Kabarak, Main Campus | Kabarak, Main Campus | 09/12/2019 | 1508.00 | 3 | HV9430 .S36 2010 c.2 | 022609 | 24/05/2024 | 09/12/2019 | General Collection | 1 | 22/05/2024 |